000 00338 a2200145 4500
001 194388
020 _a85-322-3447-x
040 _cMagnum
100 _aSCHEFFLER, Ursel
240 1 0 _aQuem tem tempo pro ursinho?
_lpor
245 1 0 _aQuem tem tempo pro ursinho?
362 0 _a1997
697 _aLITERATURA INFANTO-JUVENIL
942 _cBK
999 _c194388
_d194388